Fr. Conceicao Rodrigues College of Engineering

Bussiness Organisation (Record no. 19744)

MARC details
000 -LEADER
fixed length control field 00292nam a2200133Ia 4500
100 ## - MAIN ENTRY--PERSONAL NAME
Personal name Brahamankar/E.B & Other
245 ## - TITLE STATEMENT
Title Bussiness Organisation
260 ## - PUBLICATION, DISTRIBUTION, ETC.
Name of publisher, distributor, etc. Universal Pub.House
Place of publication, distribution, etc. Bombay
Date of publication, distribution, etc. 1978
300 ## - PHYSICAL DESCRIPTION
Extent 167
546 ## - LANGUAGE NOTE
Language note ENGLISH
654 ## - SUBJECT ADDED ENTRY--FACETED TOPICAL TERMS
Focus term Bussiness
942 ## - ADDED ENTRY ELEMENTS (KOHA)
Koha item type Reference Book
Holdings
Withdrawn status Lost status Damaged status Not for loan Collection Home library Current library Shelving location Date acquired Total Checkouts Full call number Barcode Date last seen Price effective from Koha item type
        AFT Fr. Agnel's C.Rodrigues College of Engineering Fr. Agnel's C.Rodrigues College of Engineering   17/03/2023   AFT6044 17/03/2023 17/03/2023 Reference Book